| 000 | 00593nam a2200193 a 4500 | ||
|---|---|---|---|
| 001 | 20642 | ||
| 003 | CO-ViMGA | ||
| 008 | 141112s2004 ck r 000 u spa d | ||
| 020 | _a8482763857 | ||
| 040 |
_aCO-ViMGA _bspa _cCO-ViMGA |
||
| 082 | _aR574 D145d | ||
| 100 | 1 | _aDaintith, Jhon | |
| 245 | 1 | 0 | _aDiccionario de biología |
| 260 |
_aBogotá : _bNorma, _c2005 |
||
| 300 | _a342p | ||
| 590 | _aForma de adquisición : Compra fact.0541 - - Precio : 29900 - - Proveedor : Temas y libros - - Fecha de adquisición : abril 2006 | ||
| 650 | 1 | 4 |
_aBIOLOGÍA - DICCIONARIOS _96526 |
| 942 |
_2ddc _cBK |
||
| 999 |
_c11597 _d11597 |
||